Datum a čas kvízu

38 Celkem bodů Celkový počet nahraných bodů na tomto kvízu bez doplňovacích otázek.
2. Pořadí na kvízu Konečné umístění týmu na tomto kvízu.

Zaznamenané odpovědi

# Otázka Odpověď Body Výsledky
1. V České republice je aktuálně... Olomouc 1
2. Kalifornie je nejlidnatější st... nesmí vlastnit automobil 0
3. Minulý týden proběhlo finále n... Praha 1
4. Jedna automobilka v úterý před... Škoda 1
5. Česká basketbalová reprezentac... Polsko, Srbsko 0.5
6. V následujících otázkách se bu... 793, Lindisfarne 1
7. Klášter a zříceninu kláštera,... Porta coeli, Rosa coeli 0
8. Nyní si připomeneme klášterní... novic, převor 0.5
9. Na obrázku vidíme jeden z kláš... Řecko 1
10. Která známá osobnost byla v le... Johann Gregor Mendel 1